Crni Cerak Members All Songs - Statistics

General Stats
  • This quiz has been taken 50 times
    10 since last reset
  • The average score is 61 of 207
Answer Stats
Views Song Artist % Correct
19m CC#1 Crni Cerak
89%
30m CC#2 Crni Cerak
89%
32m CC #3 Crni Cerak
89%
2.6m CC#4 Crni Cerak
89%
7m MDMA Biba & Nikolija
67%
11m SUPERSTAR Seksi
67%
15m TOP Biba
67%
2.5m ZRLA FRLA Crni Cerak & Cunami & Neloe
67%
5.5m 3 PO 3 Biba & Nikolija
56%
5.7m AU Biba
56%
2.2m DARK SIDE Seksi
56%
8.7m FERRARI Seksi & Ourmoney
56%
6m HIHI HAHA Biba & Nucci & Devito
56%
120k INTRO (NE MENJAMO DRES) Seksi
56%
7m LOKACIJA Biba & Rasta
56%
6.6m MANGO Biba
56%
4.1m NA NOGE Crni Cerak & Lacku
56%
10m NASLOVNA Biba & Amna
56%
1m ONLY FANS Crni Cerak
56%
7m OPASNA Seksi & Relja Torinno
56%
560k PARIS FLOW #4 Crni Cerak
56%
260k PARIS FLOW #5 Bandra & Seksi & Biba & ourmoney
56%
23m ROLEX Crni Cerak & Devito
56%
1.2m TRIPLE BLACK Seksi
56%
414k ZIMSKI Biba
56%
3.6m ZIMSKI 2 (BANDO ADIO) Biba
56%
2.9m ZIMSKI III Biba
56%
12m AMSTERDAM Biba & Voyage
44%
9.3m ANKARAN Biba & Hiljson Mandela
44%
895k BOLT Bandra
44%
436k DARKSIDE 2 Seksi
44%
230k DESPERADOS Seksi
44%
5.3m DROGA ROTERDAM Seksi & Cunami
44%
6.2m FRIZBI Biba & Seksi & Cunami
44%
10m GETO SPORT Seksi & Rasta & Banfica
44%
173k INTRO Bandra
44%
528k INTRO Seksi
44%
262k INTRO Ourmoney
44%
150k INTRO Biba
44%
4.2m JAKA ROBA Seksi & Paula
44%
950k KARAMELA Biba
44%
1m LAMINE YAMAL Biba & Seksi
44%
2m LOVE STORY Seksi
44%
25m PARE PARE Seksi & Lacku
44%
184k SHAMAR IN THE CITY Seksi & Mikri Maus
44%
3m SLOBODA Crni Cerak
44%
495k STA RECI Seksi & Smoke Mardeljano
44%
6m TACNA KARTICA Seksi & Bandra
44%
452k TRIPLE DOUBLE Ourmoney & Biba
44%
1.4m ZIMSKI IV Biba
44%
214k ZUTARA Seksi & Bigru & Paja Kratak
44%
8.6m ZVONI ZVONI Seksi & Inas
44%
730k 200 Ourmoney
33%
2.2m 30CC Crni Cerak & 30zona
33%
668k 422 (CRNI SMO CERAK) Biba & Bandra & Ourmoney
33%
1.6m ANTONIO Seksi
33%
1.1M BIZNISMEN Seksi & Dizzy
33%
266k BRUSSELS Ourmoney
33%
222k CARTIER Ourmoney & Bandra
33%
567k CC&B Ourmoney & Goodfellv & Caoz
33%
196k CC & BB Ourmoney & Gerum
33%
8.5m CCURI Crni Cerak
33%
952k CEO FAZON Biba & Nucci
33%
1.5m ČIKAGO Crni Cerak & Indigo Kristal
33%
3m DAJIVE KOMI Seksi & Mimi Mercedez
33%
220k DO IT FOR THE G Ourmoney
33%
410k EL NINO Crni Cerak
33%
? FEDERER ourmoney
33%
10m FORTNITE Crni Cerak
33%
422k GORILLA GLUE Biba & Bandra
33%
136k HAYABUSA Bandra & Fox
33%
230k HILTON Ourmoney
33%
229k HOLLYWOOD Bandra & Lacku
33%
546k HORSE LIGNE Ourmoney
33%
1.7m ILI ILI Seksi & Cunami
33%
520k JERSEY Seksi & Cunami
33%
385k KETAMA Bandra
33%
371k KTM Biba
33%
1.2m KUC KUC KUC Crni Cerak & Alen Sakić
33%
3.1m LOONEY TUNES Biba
33%
15m LUĐA Seksi & Lacku
33%
135k MAHALA Bandra & Neloe
33%
674k MUDDY FLOW Ourmoney
33%
3m MUHAMED Biba
33%
7.3m NA GRANICI Crni Cerak
33%
? NAJLUDJA Biba & Lacku
33%
192k NIKI Bandra
33%
7.6m NO RICH PARENTS Biba
33%
2.3m NOVA GODINA Biba & Amna
33%
1.4m PAPI Biba
33%
4m PARIS FLOW #1 Seksi & Ourmoney
33%
602k PARIS FLOW #3 Biba
33%
10m PATRON Seksi & Biba
33%
1m PAVILJONI Biba & Rimski
33%
532k ROAMING Ourmoney & Lacku
33%
131k ROBIJA Bandra & Cunami
33%
59k SAH MAT Bandra & Gerum
33%
210k S LINE Biba
33%
370k SLUSAJ PRICU Crni Cerak & THCF
33%
1m SMOKE TOUR Seksi & Bandra
33%
319k SODA & MAKA Biba & Ourmoney
33%
587k SPARTA Biba & ourmoney
33%
1.7m SPAVA GRAD Seksi & Cunami
33%
386k STEAK & LOBSTER Biba & Voyage
33%
284k TALASI I JAHTA ourmoney
33%
366k TAYCAN Bandra
33%
700k TRIGGER Crni Cerak
33%
867k TRI KLASE Biba & GIR & Fox
33%
826k ULJE NA PLATNU Biba
33%
2.2m U MOM JUKRA Seksi & BIGru & Paja Kratak
33%
250k VADER Seksi & Bandodior
33%
420k VIVA LA GENG Crni Cerak & Corona & Rimski
33%
930k ZANDAR Seksi
33%
1.7m ZBOG KOKAINA Seksi & Le Flow
33%
2.1m ZIMSKI III (REMIX) Biba & Coby
33%
1.8m 3BC Seksi & Ourmoney & Biba
22%
253k 422 INTRO Biba
22%
5m BATO BRE Seksi & Lacku
22%
488k BROJ Biba & Kali
22%
381k BTZP Seksi & Gerum
22%
150k BURAZ Seksi & Valderrama Flow & Variola
22%
782k BURBERRY BAG Biba
22%
2.2m CC#NE4 Crni Cerak & Rizz & Certi
22%
1m CRNI CERAK Seksi & Ourmoney
22%
1.3m DALEKO Biba & BIGru & Paja Kratak & Ivana Zečević
22%
550k DAN NOC Crni Cerak & Coby
22%
300k DOUBLE CUP Ourmoney
22%
300k ETA Ourmoney & TNG & Nuevo & Rouzi
22%
151k FANTA Ourmoney
22%
1.1m FREDI KRUGER Biba
22%
1m GDE SI Biba & Kali
22%
1m GETO VARIJANTE Seksi & Cunami
22%
? KAD ME VIDE Seksi & Lacku & Dizzy
22%
1.8m KUKUYAO Biba & Lacku
22%
736k LAP DANCE Biba & Ivana Zecevic
22%
365k MAI SVE Biba & Cunami
22%
86k MAKA Bandra
22%
583k MARNI Biba
22%
1.7m NIKAD DOSTA Biba & Sara Jo
22%
300k OMG Ourmoney & Fox
22%
2.7m PANIKA Biba & Lacku
22%
1.3m PARA NA PARU Ourmoney & Gerum & Lacku
22%
665k P.O.B. Bandra & Lacku
22%
405k PORED ŽICE Seksi & Ourmoney & Vici
22%
1.8m PROBLEM Seksi & Sajfer & Cunami
22%
315k PUBLIC ENEMIES Crni Cerak
22%
744k REAL STORY Seksi
22%
105k ROW ROW Biba & Morgen & Maxwell
22%
298k SONIK Seksi
22%
1.1m S PUKLIM OČIMA Biba
22%
1.2m TAKVE KAO TI Biba
22%
1.2m TRESI Biba & Mimi Mercedez
22%
1.6m UK DRILL Crni Cerak & Indigo Kristal
22%
3.4m UPALITE ZA MNOM SVEĆE Crni Cerak & Lacku & 2Bona & Sajfer & Veraja
22%
1m WALK IT LIKE I TALK IT Seksi & Cunami
22%
576k 420 Biba & Ourmoney
11%
430k AKO RIBA DROLJA POSTANE Biba
11%
356k BEVERLI Ourmoney
11%
484k BEZ RADA Seksi & Skele
11%
1m BULLSEYE Seksi & Ourmoney
11%
1m CHAT CHAT Biba & Gazda Paja & THCF
11%
569k DLAN Crni Cerak
11%
850k DZUNGLA OD BETONA Crni Cerak & Rasta
11%
325k FENDI CASABLANCA DRIP Biba
11%
885k GRADSKA DECA Biba
11%
285k HARLI KVIN Biba & AV47
11%
515k HOKLICA Seksi & Skele
11%
15m HONEY(RMX) Seksi & Lacku
11%
2.2m IN&OUT Seski & Cunami
11%
320k INTERLUDE Crni Cerak
11%
2.2m JORDANPSG Biba & Seksi
11%
221k KAKO TO? Ourmoney
11%
252k KENDALL & KIM FREESTYLE Biba
11%
380K KOMA Ourmoney
11%
720k KOMA 2 Seksi
11%
78k KOZLE & CERAK Seksi & Riki
11%
2.3m PRVA KLASA Crni Cerak
11%
2.8m ŠABAC JE CEO (REMIX) Seksi & Lacku
11%
? SARPLANINAC Biba & GIR
11%
450k SITNI SATI Biba
11%
9.5m TENZIJA Seksi & Lacku
11%
204k TONY SOSA Biba & Ri
11%
2.3m ZENA ZA SVA VREMENA Biba & Zera
11%
930k ŽUTE ZGRADE Seksi & Coa Mufljuz
11%
327k BOLIVIJA PERU Seksi
0%
255k CCTV Seksi
0%
572k CERAK REGAZZI Seksi & Ourmoney
0%
367k CIFRE I ŠIFRE Ourmoney & Gerum
0%
310k CYPHER 3 Seksi & ¥UNG BUD€ & Toni Zen & Kacar & Bon Praskiza & AAAAA
0%
359k DZEJDZEJOKOCA Biba
0%
576k FIRST DAY OUT Seksi
0%
533k FORMACIJE KRUGOVI Seksi & Ourmoney
0%
50k KUPI PRODAJ Seksi & Coko Mis & Arafat
0%
134k LAVIRINT Seksi
0%
365k LA ZONE #1 Ourmoney
0%
303k LOUBOUTIN Biba
0%
244k NA VRHUNCU Ourmoney
0%
936k NEMOJ ZVONIŠ Seksi
0%
1m PANAMERA Ourmoney
0%
38k PANTER Seksi & Denga & Zula
0%
262k PERIFERIJA Seksi
0%
236k PRODANE DUSE Seksi
0%
9.3m SKANKOVI HIBRIDI (BIBI REMIX) Biba & Seksi & Nucci
0%
2.2m SKR SKRRR Seksi & Ourmoney
0%
465k SRANJE U KESI Seksi
0%
546k TU NEGDE OKO ZIME Biba
0%
730k ZONDA Seksi
0%
No matching quizzes found
Score Distribution
Percent of People with Each Score
Percentile by Number Answered
Your Score History
You have not taken this quiz since the last reset